| 000 | 00782nam a2200289 a 4500 | ||
|---|---|---|---|
| 999 |
_c8132 _d8132 |
||
| 001 | 8132 | ||
| 003 | BD - JhCC | ||
| 005 | 20181205104553.0 | ||
| 008 | 900321s1989 enkac 000 0 eng d | ||
| 020 | _a0863138950 (U.K.) | ||
| 020 | _a0531107701 (U.S.) | ||
| 035 | _a(BD-JhCC)8132 | ||
| 040 |
_aBD-JhCC _dBD-JhCC |
||
| 041 | _aeng | ||
| 050 | 0 | _aGV461 | |
| 082 |
_a796.44 _220 _bBUC 1989 |
||
| 100 | 1 | _aBuckland, Don | |
| 245 | 1 | 0 |
_aGymnastics / _cDon Buckland, |
| 250 | _aRev. ed | ||
| 260 |
_aLondon : _bHeinemann Educational books ltd., _c1989 |
||
| 300 |
_a112 p. : _bill., ports ; _c29 cm |
||
| 500 | _aPrevious eds.: 1st ed., 1980; rev. ed., 1982; rev. enl. ed., 1985 | ||
| 504 | _aIncludes index | ||
| 650 | 0 | _aGymnastics | |
| 942 |
_2ddc _cBK |
||